000 00789nam a2200169 a 4500
001 000046113
005 20201002052639.0
008 150623s1999 dr a 000 0 spa d
040 _aDO-SdBNP
_bspa
_cBNPHU
082 _axxxx
_bxxxx
245 0 0 _aEducación para la democracía /
_cCompilación de lecciones preparadas por Kenneth Rodríguez y Norma Wright ; adapt. a la realidad dominicana por Gladys García Romero ; presentación de Mu-Kien Adriana Sung.
260 _a[Santo Domingo] :
_aLos Angeles, Calif. :
_bCenter for Civic Education,
_bServicio Informativo y Cultural de los Estados Unidos,
_c1999.
300 _a113 p. :
_bil. ;
_c27 cm.
700 1 2 _aRodríguez, Kenneth,
_ecomp.
_917394
700 1 2 _aWright, Norma,
_ecomp.
_917395
700 1 2 _aGarcía Romero, Gladys Graciela
_917396
999 _c45602
_d45602